[Event "4NCL/Div1/RICA vs. BRI1"]
[Site "West Bromwich ENG"]
[Date "2004.09.19"]
[Round "2.4"]
[White "Sherwin, James T"]
[Black "Wall, Gavin"]
[Result "0-1"]
[WhiteElo "2303"]
[BlackElo "2405"]
[PlyCount "80"]
[EventDate "2004.09.19"]
[SourceDate "2004.09.21"]

1. d4 f5 2. g3 Nf6 3. Bg2 g6 4. c4 Bg7 5. Nf3 O-O 6. O-O d6 7. Nc3 Qe8 8. d5
Na6 9. Rb1 c6 10. dxc6 bxc6 11. b4 Bd7 12. a3 Nc7 13. Bb2 Rd8 14. Qd3 Ne4 15.
Qc2 Nxc3 16. Bxc3 e5 17. Qb2 Be6 18. Nd2 Bf7 19. e3 d5 20. Nf3 d4 21. exd4 Bxc4
22. Rfe1 e4 23. Ne5 Bd5 24. a4 Rb8 25. Qd2 Qe6 26. Bf1 f4 27. gxf4 Bxe5 28.
fxe5 Qg4+ 29. Bg2 Qxg2+ 30. Kxg2 e3+ 31. Kg1 exd2 32. Bxd2 Ne6 33. Be3 a6 34.
Rec1 Nf4 35. Kf1 Bg2+ 36. Kg1 Be4 37. Bxf4 Bxb1 38. Bh6 Be4 39. Bxf8 Kxf8 40.
Re1 Bf5 0-1

[Event "4NCL/Div1/RICA vs. BRI1"]
[Site "West Bromwich ENG"]
[Date "2004.09.19"]
[Round "2.5"]
[White "Nixon, Thomas C M"]
[Black "Buckley, David E"]
[Result "0-1"]
[WhiteElo "2198"]
[BlackElo "2223"]
[PlyCount "110"]
[EventDate "2004.09.19"]
[SourceDate "2004.09.21"]

1. d4 d5 2. Nf3 Nf6 3. g3 Bf5 4. Bg2 c6 5. O-O h6 6. c4 e6 7. Nc3 Nbd7 8. Qb3
Qb6 9. Qa4 Be7 10. c5 Qd8 11. b4 Ne4 12. Bb2 O-O 13. b5 cxb5 14. Qxb5 a6 15.
Qb3 b6 16. c6 Nxc3 17. Qxc3 Rc8 18. Rfc1 Bd6 19. Ba3 Bxa3 20. Qxa3 Nb8 21. Rc3
Rxc6 22. Rxc6 Nxc6 23. Qxa6 Na5 24. Rc1 Nc4 25. Nh4 {(=)} Qg5 26. f4 Qf6 27.
Nxf5 exf5 28. Rd1 Qe6 29. Bf3 Rd8 30. Qb5 g5 31. fxg5 hxg5 32. Qb3 g4 33. Bg2
Qxe2 34. Bf1 Qe3+ 35. Qxe3 Nxe3 36. Rb1 Ra8 37. Rb2 Nxf1 38. Kxf1 Ra4 39. Rxb6
Rxa2 40. Rd6 Kg7 41. Rxd5 Kf6 42. Kg1 {(=)} Rd2 43. Rd8 Ke7 44. Rd5 Ke6 45. Rd8
f6 46. Kh1 f4 47. gxf4 Kf5 48. h3 Kxf4 49. Ra8 g3 50. Ra1 f5 51. Kg1 Ke4 52.
Ra8 f4 53. Ra7 f3 54. Ra1 Rh2 55. Kf1 Rh1# 0-1

[Event "4NCL/Div1/RICA vs. BRI1"]
[Site "West Bromwich ENG"]
[Date "2004.09.19"]
[Round "2.6"]
[White "Helbig, Paul D"]
[Black "Franklin, Michael J"]
[Result "0-1"]
[WhiteElo "2184"]
[BlackElo "2219"]
[PlyCount "82"]
[EventDate "2004.09.19"]
[SourceDate "2004.09.21"]

1. e4 c5 2. Nc3 Nc6 3. g3 g6 4. Bg2 Bg7 5. d3 e6 6. Be3 d6 7. f4 Nge7 8. Nf3
Nd4 9. O-O f5 10. Bf2 Nec6 11. exf5 gxf5 12. Nxd4 Nxd4 13. Qh5+ Kf8 14. Rac1
Bd7 15. Rfe1 Qf6 16. Nb1 Qg6 17. Qxg6 hxg6 18. c3 Nc6 19. Nd2 b6 20. Bxc6 Bxc6
21. Rxe6 Kf7 22. Rxd6 Rac8 23. Re1 Bf8 24. Nc4 Bxd6 25. Nxd6+ Kf6 26. Nxc8 Rxc8
27. Re5 Rd8 28. d4 Be4 29. Be3 c4 30. Kf2 Bb1 31. d5 Be4 32. Bd4 Kf7 33. Re6
Rxd5 34. Rf6+ Ke7 35. Rxg6 Rb5 36. h4 Rxb2+ 37. Ke3 Bc2 38. Be5 Bd1 39. Rg7+
Ke6 40. Rxa7 Re2+ 41. Kf3 Rxa2+ 0-1

[Event "4NCL/Div1/RICA vs. BRI1"]
[Site "West Bromwich ENG"]
[Date "2004.09.19"]
[Round "2.7"]
[White "Mitchem, Nicholas D"]
[Black "Ashby, Ann-Marie"]
[Result "0-1"]
[WhiteElo "2060"]
[BlackElo "2105"]
[PlyCount "114"]
[EventDate "2004.09.19"]
[SourceDate "2004.09.21"]

1. e4 d5 2. exd5 Nf6 3. d4 Bg4 4. Be2 Bxe2 5. Nxe2 Qxd5 6. O-O Nc6 7. Nbc3 Qf5
8. Ng3 Qg6 9. Nce2 O-O-O 10. Nf4 Qg4 11. Qxg4+ Nxg4 12. c3 e6 13. h3 Nf6 14.
Re1 h5 15. Ne4 Nxe4 16. Rxe4 g5 17. Nd3 Be7 18. b4 Rdg8 19. g3 Nd8 20. Bd2 f5
21. Re2 f4 22. Kh2 fxg3+ 23. fxg3 Bd6 24. Kg2 g4 25. h4 Re8 26. Rf1 Rh7 27. Rf6
Rf7 28. Rh6 Rf3 29. Re3 Ref8 30. Rxf3 Rxf3 31. Ne5 Bxe5 32. dxe5 Rf5 33. Bf4
Kd7 34. b5 Nf7 35. Rh7 c6 36. a4 cxb5 37. axb5 a5 38. bxa6 bxa6 39. Rg7 Kc6 40.
Rg6 Kd7 41. Rg8 Nd8 42. Bg5 Nb7 43. Ra8 Rxe5 44. Rxa6 Re2+ 45. Kf1 Rc2 46. Bf6
Nc5 47. Ra7+ Kc6 48. Rh7 Nd3 49. Bd4 Kd5 50. Rxh5+ Ke4 51. Rh8 Kf3 52. Rf8+
Kxg3 53. h5 Nf4 54. Be3 e5 55. h6 Rh2 56. Rf6 Rh1+ 57. Bg1 Kf3 0-1

[Event "4NCL/Div1/GUI2 vs. GUI1"]
[Site "West Bromwich ENG"]
[Date "2004.09.19"]
[Round "2.1"]
[White "Collas, Silvia"]
[Black "Conquest, Stuart C"]
[Result "1/2-1/2"]
[WhiteElo "2344"]
[BlackElo "2488"]
[PlyCount "83"]
[EventDate "2004.09.19"]
[SourceDate "2004.09.21"]

1. Nf3 g6 2. d4 Bg7 3. e4 d6 4. h3 Nf6 5. Nc3 O-O 6. Be3 a6 7. Bd3 b5 8. a4 b4
9. Ne2 Nbd7 10. a5 Bb7 11. Ng3 c5 12. c3 bxc3 13. bxc3 Rc8 14. O-O cxd4 15.
cxd4 Rc7 16. Qe2 Qa8 17. Rfc1 Rfc8 18. Rxc7 Rxc7 19. Rc1 Rxc1+ 20. Bxc1 Qc8 21.
Bd2 Nf8 22. Ne1 Ne6 23. Nc2 Nd7 24. Qe3 Qc7 25. d5 Nec5 26. Bf1 Nf6 27. Nb4 h5
28. f3 Nfd7 29. Qa3 Ne5 30. Be3 Kh7 31. Nh1 Qc8 32. Nf2 Bf6 33. Qa4 Ned7 34.
Nd1 Qh8 35. Nc6 Qc8 36. Nb4 Qc7 37. Qa3 Qd8 38. Qa2 Qc8 39. Nb2 Qh8 40. Nc4 Bd4
41. Bxd4 Qxd4+ 42. Qf2 1/2-1/2

[Event "4NCL/Div1/GUI2 vs. GUI1"]
[Site "West Bromwich ENG"]
[Date "2004.09.19"]
[Round "2.2"]
[White "Hebden, Mark L"]
[Black "Buckley, Graeme"]
[Result "0-1"]
[WhiteElo "2559"]
[BlackElo "2420"]
[PlyCount "86"]
[EventDate "2004.09.19"]
[SourceDate "2004.09.21"]

1. d4 Nf6 2. Nf3 g6 3. Nc3 d5 4. Bf4 Bg7 5. e3 O-O 6. Be2 c5 7. Ne5 cxd4 8.
exd4 Nfd7 9. Nf3 Nf6 10. Qd2 Bg4 11. Bh6 Nc6 12. Bxg7 Kxg7 13. O-O-O Rc8 14.
Ne5 Bxe2 15. Qxe2 e6 16. h4 Nxe5 17. dxe5 Nd7 18. Rd4 Rxc3 19. bxc3 Qa5 20. Rh3
Qxa2 21. h5 Nc5 22. Qe3 Ne4 23. Rxe4 dxe4 24. h6+ Kg8 25. Qxe4 Rd8 26. Rd3 Rxd3
27. Qxd3 Qd5 28. Qg3 Kf8 29. f3 Ke8 30. Qf4 Qc5 31. c4 a5 32. Qe4 Qb4 33. Qd4
a4 34. Qd2 Qxc4 35. Qd6 Qd5 36. Qb8+ Ke7 37. Qh8 a3 38. Qf6+ Ke8 39. Qh8+ Ke7
40. Qf6+ Ke8 41. Qh8+ Kd7 42. Qf6 Kc6 43. f4 Qe4 0-1

[Event "4NCL/Div1/GUI2 vs. GUI1"]
[Site "West Bromwich ENG"]
[Date "2004.09.19"]
[Round "2.3"]
[White "Shaw, John K"]
[Black "Rowson, Jonathan"]
[Result "1/2-1/2"]
[WhiteElo "2424"]
[BlackElo "2558"]
[PlyCount "27"]
[EventDate "2004.09.19"]
[SourceDate "2004.09.21"]

1. e4 c5 2. Nf3 d6 3. Bb5+ Bd7 4. Bxd7+ Qxd7 5. c4 Nf6 6. Nc3 g6 7. d4 cxd4 8.
Nxd4 Bg7 9. O-O O-O 10. f3 Rc8 11. b3 d5 12. exd5 Nxd5 13. Nxd5 e6 14. Bh6
1/2-1/2

[Event "4NCL/Div1/GUI2 vs. GUI1"]
[Site "West Bromwich ENG"]
[Date "2004.09.19"]
[Round "2.4"]
[White "Cherniaev, Alexander"]
[Black "Howell, David W L"]
[Result "1/2-1/2"]
[WhiteElo "2500"]
[BlackElo "2334"]
[PlyCount "27"]
[EventDate "2004.09.19"]
[SourceDate "2004.09.21"]

1. e4 e5 2. Nf3 Nc6 3. Bb5 Nf6 4. d3 d6 5. O-O g6 6. Re1 Bd7 7. c3 Bg7 8. Nbd2
O-O 9. Ba4 Nh5 10. Nf1 Kh8 11. d4 Bg4 12. Bxc6 bxc6 13. dxe5 dxe5 14. Qxd8
1/2-1/2

[Event "4NCL/Div1/GUI2 vs. GUI1"]
[Site "West Bromwich ENG"]
[Date "2004.09.19"]
[Round "2.6"]
[White "Flear, Glenn C"]
[Black "Richardson, Keith B"]
[Result "1/2-1/2"]
[WhiteElo "2465"]
[BlackElo "2214"]
[PlyCount "76"]
[EventDate "2004.09.19"]
[SourceDate "2004.09.21"]

1. d4 g6 2. e4 Bg7 3. c4 d6 4. Nc3 Nf6 5. f4 O-O 6. Nf3 Na6 7. Be3 Ng4 8. Bd2
c5 9. d5 e6 10. h3 Nf6 11. dxe6 Bxe6 12. g4 Re8 13. Kf2 Bc8 14. Bd3 b5 15. cxb5
Nb4 16. Bb1 a6 17. Re1 axb5 18. Nxb5 Ba6 19. Bxb4 Bxb5 20. Bc3 Bc6 21. e5 Nd5
22. Be4 Nxc3 23. bxc3 Bxe4 24. Rxe4 Ra3 25. Qd5 dxe5 26. Qxc5 Bf8 27. Qc4 exf4
28. Rxf4 Qb6+ 29. Kf1 Qe6 30. Re1 Qxc4+ 31. Rxc4 Rxe1+ 32. Kxe1 Rxa2 33. Rc7
Bd6 34. Rd7 Bg3+ 35. Kd1 h6 36. Rd2 Rxd2+ 37. Kxd2 Kf8 38. Kd3 Ke7 1/2-1/2

[Event "4NCL/Div1/GUI2 vs. GUI1"]
[Site "West Bromwich ENG"]
[Date "2004.09.19"]
[Round "2.7"]
[White "Granat, Russell G"]
[Black "Plaskett, James"]
[Result "0-1"]
[WhiteElo "2259"]
[BlackElo "2482"]
[PlyCount "80"]
[EventDate "2004.09.19"]
[SourceDate "2004.09.21"]

1. e4 c5 2. Nf3 d6 3. d4 cxd4 4. Nxd4 Nf6 5. Nc3 a6 6. Be2 e6 7. O-O Be7 8. a4
O-O 9. Be3 Qc7 10. f4 Re8 11. Kh1 Nbd7 12. Qe1 Nb6 13. b3 e5 14. Nf3 exf4 15.
Bxf4 Bg4 16. a5 Rac8 17. Bd2 Nbd7 18. Bc4 Be6 19. Bxe6 fxe6 20. Nd4 Bd8 21. Qg3
Ne5 22. Nf3 Ng6 23. Ng5 Nh5 24. Qg4 Bxg5 25. Qxg5 Qc5 26. Qg4 Nf6 27. Qh3 Qe5
28. Rae1 h5 29. Qd3 Ng4 30. g3 Qxa5 31. h3 N4e5 32. Qe2 Rxc3 33. Qxh5 Qc5 34.
Bf4 Qc6 35. Bxe5 Nxe5 36. Rf4 Rxg3 37. Rh4 Rg6 38. Rf1 Rh6 39. Qg5 Rxh4 40.
Qxh4 Qxc2 0-1

[Event "4NCL/Div1/GUI2 vs. GUI1"]
[Site "West Bromwich ENG"]
[Date "2004.09.19"]
[Round "2.8"]
[White "Lalic, Susan"]
[Black "Yurenok, Maria S"]
[Result "1-0"]
[WhiteElo "2364"]
[BlackElo "2078"]
[PlyCount "68"]
[EventDate "2004.09.19"]
[SourceDate "2004.09.21"]

1. e4 c5 2. Nc3 Nc6 3. g3 g6 4. Bg2 Bg7 5. d3 d6 6. Be3 e5 7. Qd2 Nge7 8. Bh6
O-O 9. h4 Bxh6 10. Qxh6 f6 11. Qd2 Kg7 12. h5 g5 13. h6+ Kh8 14. f4 gxf4 15.
gxf4 exf4 16. O-O-O Be6 17. Nge2 Qa5 18. a3 Nd4 19. Qxf4 Rad8 20. Nxd4 cxd4 21.
Ne2 Qc5 22. Kb1 Rc8 23. Rc1 b5 24. Qf2 Nc6 25. Bh3 Bxh3 26. Rxh3 b4 27. a4 Qe5
28. Rf3 Qe7 29. Nxd4 Ne5 30. Rg3 Ng6 31. Rf1 Rc7 32. Rf3 Ne5 33. Rxf6 Rg8 34.
Re6 Qd7 1-0

[Event "4NCL/Div1/GUI1 vs. 3CS1"]
[Site "West Bromwich ENG"]
[Date "2004.11.20"]
[Round "3.1"]
[White "Rowson, Jonathan"]
[Black "Davies, Nigel R"]
[Result "1/2-1/2"]
[WhiteElo "2577"]
[BlackElo "2523"]
[PlyCount "63"]
[EventDate "2004.11.20"]
[SourceDate "2004.09.21"]

1. d4 Nf6 2. c4 e6 3. Nc3 Bb4 4. Qc2 O-O 5. a3 Bxc3+ 6. Qxc3 Ne4 7. Qc2 f5 8.
e3 b6 9. Ne2 Bb7 10. f3 Nf6 11. b3 c5 12. Bb2 Nc6 13. Rd1 Qe7 14. dxc5 bxc5 15.
Nf4 d6 16. Be2 e5 17. Nd5 Nxd5 18. cxd5 Nb8 19. O-O Nd7 20. f4 exf4 21. exf4
Nf6 22. Bf3 Qe3+ 23. Kh1 Qxf4 24. Be2 Qh4 25. Qxf5 Rae8 26. g3 Qh6 27. Bc1 Bc8
28. Qc2 Qh3 29. Kg1 Bg4 30. Bxg4 Qxg4 31. Bf4 Qd7 32. b4 1/2-1/2

[Event "4NCL/Div1/GUI1 vs. 3CS1"]
[Site "West Bromwich ENG"]
[Date "2004.11.20"]
[Round "3.2"]
[White "Gordon, Stephen J"]
[Black "Hebden, Mark L"]
[Result "1/2-1/2"]
[WhiteElo "2340"]
[BlackElo "2550"]
[PlyCount "98"]
[EventDate "2004.11.20"]
[SourceDate "2004.09.21"]

1. d4 Nf6 2. c4 g6 3. Nc3 Bg7 4. e4 d6 5. f3 O-O 6. Be3 c5 7. Nge2 Nc6 8. d5
Ne5 9. Ng3 a6 10. Be2 b5 11. cxb5 axb5 12. Nxb5 Qa5+ 13. Qd2 Bd7 14. a4 Rfb8
15. O-O Ne8 16. Qxa5 Rxa5 17. Bd2 Raa8 18. Bc3 h5 19. Rfb1 h4 20. Nf1 f5 21. f4
Ng4 22. Bxg7 Kxg7 23. b4 cxb4 24. exf5 gxf5 25. Rxb4 Nef6 26. Rd1 Rc8 27. h3
Nh6 28. Ne3 Ne4 29. Nd4 Nc3 30. Re1 Rxa4 31. Rxa4 Nxa4 32. Nf3 Nc3 33. Nxh4 Rc5
34. Bf3 Nb5 35. g4 Nd4 36. g5 Nf7 37. Bh5 e5 38. dxe6 Bxe6 39. Rd1 Nb5 40. Bg6
Nc3 41. Re1 Nd5 42. Bxf5 Nxf4 43. Bxe6 Rxg5+ 44. Bg4 Nxh3+ 45. Kh2 Nf2 46. Bf5
Ne5 47. Rf1 Nfg4+ 48. Nxg4 Nxg4+ 49. Bxg4 Rxg4 1/2-1/2

[Event "4NCL/Div1/GUI1 vs. 3CS1"]
[Site "West Bromwich ENG"]
[Date "2004.11.20"]
[Round "3.3"]
[White "Gallagher, Joseph G"]
[Black "Ashton, Adam G"]
[Result "1-0"]
[WhiteElo "2543"]
[BlackElo "2283"]
[PlyCount "101"]
[EventDate "2004.11.20"]
[SourceDate "2004.09.21"]

1. e4 e5 2. Nf3 Nc6 3. Nc3 Nf6 4. Bb5 Bd6 5. O-O O-O 6. d3 h6 7. Ne2 Re8 8. Ng3
Bf8 9. c4 a6 10. Ba4 Rb8 11. Bc2 b5 12. b3 d6 13. h3 g6 14. Be3 Bg7 15. Qd2 Kh7
16. Rac1 bxc4 17. bxc4 Bd7 18. Ne2 Ng8 19. g4 Rf8 20. Kh2 Nb4 21. Ng3 c5 22.
Bd1 Nc6 23. Ba4 Nce7 24. Bxd7 Qxd7 25. Rb1 Rxb1 26. Rxb1 f5 27. gxf5 gxf5 28.
exf5 Nxf5 29. Qe2 Nxg3 30. fxg3 Nf6 31. Nh4 e4 32. Bf4 Qe6 33. Rb7 Re8 34. Bxd6
Kg8 35. Bxc5 exd3 36. Qxd3 Qe2+ 37. Qxe2 Rxe2+ 38. Kg1 Ne4 39. Nf5 Nxc5 40.
Rxg7+ Kh8 41. Rc7 Nd3 42. Nxh6 Rxa2 43. Ng4 Kg8 44. h4 Ne1 45. h5 Nf3+ 46. Kf1
a5 47. c5 a4 48. Ra7 Rc2 49. h6 Nh2+ 50. Nxh2 Rxh2 51. c6 1-0

[Event "4NCL/Div1/GUI1 vs. 3CS1"]
[Site "West Bromwich ENG"]
[Date "2004.11.20"]
[Round "3.4"]
[White "Longson, Alexander"]
[Black "King, Daniel J"]
[Result "0-1"]
[WhiteElo "2264"]
[BlackElo "2517"]
[PlyCount "74"]
[EventDate "2004.11.20"]
[SourceDate "2004.09.21"]

1. e4 e6 2. d4 d5 3. Nc3 Nf6 4. e5 Nfd7 5. f4 c5 6. Nf3 Nc6 7. Be3 cxd4 8. Nxd4
Bc5 9. Qd2 O-O 10. O-O-O a6 11. h4 Nxd4 12. Bxd4 b5 13. Rh3 Bb7 14. Kb1 Qc7 15.
h5 b4 16. Na4 Bxd4 17. Qxd4 a5 18. Bd3 Ba6 19. Rc1 Rfc8 20. Qf2 Bxd3 21. Rxd3
Ra6 22. h6 g6 23. Qh4 Rc6 24. c3 f6 25. exf6 Kf7 26. f5 exf5 27. Rxd5 Nxf6 28.
Rd3 Rd6 29. Rcd1 Rxd3 30. Rxd3 Qc6 31. Qf2 Qxa4 32. Qa7+ Ke6 33. Qe3+ Ne4 34.
Qd4 Qb5 35. c4 Qxc4 36. Qd7+ Kf6 37. Qg7+ Kg5 0-1

[Event "4NCL/Div1/GUI1 vs. 3CS1"]
[Site "West Bromwich ENG"]
[Date "2004.11.20"]
[Round "3.5"]
[White "Cherniaev, Alexander"]
[Black "Bentley, John L"]
[Result "1-0"]
[WhiteElo "2509"]
[BlackElo "2216"]
[PlyCount "65"]
[EventDate "2004.11.20"]
[SourceDate "2004.09.21"]

1. e4 c5 2. c3 Nf6 3. e5 Nd5 4. Nf3 Nc6 5. d4 cxd4 6. Bc4 Nb6 7. Bb3 d5 8. exd6
Qxd6 9. O-O e6 10. cxd4 Be7 11. Nc3 Nd5 12. Re1 O-O 13. Ne4 Qd8 14. a3 b6 15.
Qd3 a5 16. Nc3 Ba6 17. Qe4 Nf6 18. Qe3 Nd5 19. Nxd5 exd5 20. Ne5 Nxe5 21. dxe5
Bc5 22. Qg3 Kh8 23. Bg5 Qd7 24. Rad1 Qf5 25. Bxd5 Rae8 26. Bc6 f6 27. exf6
Rxe1+ 28. Rxe1 gxf6 29. Bh4 Rd8 30. h3 Bd6 31. Qc3 Kg7 32. Bg3 Bxg3 33. Qxg3+
1-0

[Event "4NCL/Div1/GUI1 vs. 3CS1"]
[Site "West Bromwich ENG"]
[Date "2004.11.20"]
[Round "3.6"]
[White "James, Dale R"]
[Black "Plaskett, James"]
[Result "0-1"]
[WhiteElo "2199"]
[BlackElo "2490"]
[PlyCount "58"]
[EventDate "2004.11.20"]
[SourceDate "2004.09.21"]

1. e4 c5 2. Nf3 e6 3. d4 cxd4 4. Nxd4 a6 5. Be3 Nf6 6. Nd2 Qc7 7. c3 d5 8. Bd3
Bd6 9. g3 Nbd7 10. exd5 Nxd5 11. Ne4 Nxe3 12. fxe3 Be7 13. O-O O-O 14. Qh5 h6
15. Rf2 Qe5 16. Qh3 Nc5 17. Nxc5 Qxe3 18. Qh5 Bxc5 19. Qxc5 Qxd3 20. Qe7 b5 21.
Raf1 Qe3 22. Nc6 f6 23. Rd1 e5 24. Rd8 Rxd8 25. Qxd8+ Kh7 26. Qd2 Qc5 27. Qd3+
e4 28. Qxe4+ f5 29. b4 Qxf2+ 0-1

[Event "4NCL/Div1/GUI1 vs. 3CS1"]
[Site "West Bromwich ENG"]
[Date "2004.11.20"]
[Round "3.7"]
[White "Povah, Nigel E"]
[Black "Walton, Alan J"]
[Result "1-0"]
[WhiteElo "2377"]
[BlackElo "2187"]
[PlyCount "27"]
[EventDate "2004.11.20"]
[SourceDate "2004.09.21"]

1. d4 e6 2. Nf3 f5 3. e4 fxe4 4. Ng5 Nf6 5. f3 exf3 6. Qxf3 c5 7. Bd3 Qe7 8.
O-O Nc6 9. Bxh7 Nxd4 10. Bg6+ Kd8 11. Qd3 Kc7 12. Nf7 Rh4 13. Qg3+ d6 14. Qxh4
1-0

[Event "4NCL/Div1/GUI1 vs. 3CS1"]
[Site "West Bromwich ENG"]
[Date "2004.11.20"]
[Round "3.8"]
[White "Martin, Katie"]
[Black "Lalic, Susan"]
[Result "0-1"]
[WhiteElo "1977"]
[BlackElo "2364"]
[PlyCount "44"]
[EventDate "2004.11.20"]
[SourceDate "2004.09.21"]

1. e4 e6 2. d4 d5 3. Nd2 c5 4. exd5 Qxd5 5. Ndf3 Nc6 6. Be3 Nf6 7. h3 Be7 8.
Ne2 O-O 9. Ng3 cxd4 10. Nxd4 Rd8 11. c3 Nxd4 12. Qxd4 e5 13. Qa4 Bc5 14. Rd1
Qxd1+ 15. Qxd1 Rxd1+ 16. Kxd1 Bxe3 17. fxe3 Be6 18. a3 Rd8+ 19. Kc2 Nd5 20. Kd2
f5 21. Ne2 Nb6+ 22. Kc2 Nc4 0-1

[Event "4NCL/Div1/BRI1 vs. GUI2"]
[Site "West Bromwich ENG"]
[Date "2004.11.20"]
[Round "3.1"]
[White "Cobb, Charles"]
[Black "Shaw, John K"]
[Result "0-1"]
[WhiteElo "2406"]
[BlackElo "2433"]
[PlyCount "74"]
[EventDate "2004.11.20"]
[SourceDate "2004.09.21"]

1. c4 e5 2. Nc3 Bb4 3. Qc2 Nf6 4. Nf3 Qe7 5. e3 O-O 6. a3 Bxc3 7. Qxc3 Nc6 8.
b4 d5 9. b5 d4 10. Qb2 Nb8 11. d3 c5 12. Be2 Nbd7 13. e4 Ne8 14. O-O Nd6 15.
Bg5 f6 16. Bd2 f5 17. exf5 Rxf5 18. Rae1 b6 19. h3 Bb7 20. Nh2 Rff8 21. Bf3
Bxf3 22. Nxf3 Rxf3 23. gxf3 Rf8 24. f4 Qh4 25. Bc1 exf4 26. f3 Rf5 27. Re2 Ne5
28. Rg2 Nxd3 29. Qe2 Ne5 30. a4 Qf6 31. a5 Nexc4 32. axb6 axb6 33. Qa2 h6 34.
Qa8+ Kh7 35. Re1 Ne3 36. Bxe3 fxe3 37. Rf1 d3 0-1

[Event "4NCL/Div1/BRI1 vs. GUI2"]
[Site "West Bromwich ENG"]
[Date "2004.11.20"]
[Round "3.2"]
[White "Buckley, Graeme"]
[Black "Beaumont, Chris"]
[Result "1-0"]
[WhiteElo "2420"]
[BlackElo "2329"]
[PlyCount "117"]
[EventDate "2004.11.20"]
[SourceDate "2004.09.21"]

1. d4 d6 2. Nf3 g6 3. e4 Nf6 4. Nc3 Bg7 5. Be3 a6 6. a4 b6 7. Bc4 e6 8. O-O Bb7
9. d5 exd5 10. exd5 O-O 11. Qd2 Re8 12. Bd4 Nbd7 13. Rfe1 Rxe1+ 14. Rxe1 Qf8
15. b4 Re8 16. Re2 Rxe2 17. Qxe2 Qe8 18. Bxa6 Qxe2 19. Bxe2 Nxd5 20. Nxd5 Bxd5
21. c3 c5 22. Bxg7 Kxg7 23. Nd2 Ne5 24. a5 bxa5 25. bxa5 Nc6 26. a6 Kf6 27. f4
Ke7 28. Kf2 Kd7 29. g3 Kc7 30. Ke3 Ne7 31. Bb5 Kb6 32. c4 Nf5+ 33. Kd3 Nd4 34.
Be8 Be6 35. Ne4 Kxa6 36. Nxd6 f6 37. Bf7 Bxf7 38. Nxf7 Kb6 39. Nd6 Kc6 {(=)}
40. Ne4 f5 41. Ng5 h5 42. Nf7 Nf3 43. h3 Kd7 44. Ke3 Ke6 45. Nd8+ Kd7 46. Nb7
Kc6 47. Na5+ Kb6 48. Nb3 Ne1 49. Kd2 Nf3+ 50. Ke2 Ng1+ 51. Kf2 Nxh3+ 52. Kg2
Nxf4+ 53. gxf4 Kc6 54. Kg3 Kb6 55. Kh4 Kc6 56. Nc1 Kb6 57. Nd3 Kc6 58. Ne5+ Kb6
59. Nxg6 1-0

[Event "4NCL/Div1/BRI1 vs. GUI2"]
[Site "West Bromwich ENG"]
[Date "2004.11.20"]
[Round "3.3"]
[White "Buckley, Simon T"]
[Black "Howell, David W L"]
[Result "0-1"]
[WhiteElo "2332"]
[BlackElo "2340"]
[PlyCount "64"]
[EventDate "2004.11.20"]
[SourceDate "2004.09.21"]

1. d4 Nf6 2. Bg5 d5 3. Bxf6 exf6 4. e3 Bd6 5. Nd2 c6 6. a3 Qe7 7. g3 h5 8. Bg2
g6 9. c4 dxc4 10. Nxc4 Bc7 11. Ne2 Nd7 12. Nc3 Nb6 13. Qe2 Bg4 14. Qd3 h4 15.
Nxb6 axb6 16. Qc4 Kf8 17. Kd2 Kg7 18. Rac1 Bd6 19. Qd3 b5 20. h3 Bf5 21. Be4
Be6 22. g4 Bc4 23. Qc2 b4 24. axb4 Bxb4 25. Ra1 c5 26. Bd3 Bd5 27. e4 cxd4 28.
exd5 dxc3+ 29. bxc3 Rac8 30. Rac1 Rxc3 31. Qxc3 Ra8 32. Bb1 Qc5 0-1

[Event "4NCL/Div1/BRI1 vs. GUI2"]
[Site "West Bromwich ENG"]
[Date "2004.11.20"]
[Round "3.4"]
[White "Cooksey, Paul S"]
[Black "Sherwin, James T"]
[Result "1/2-1/2"]
[WhiteElo "2248"]
[BlackElo "2302"]
[PlyCount "71"]
[EventDate "2004.11.20"]
[SourceDate "2004.09.21"]

1. d4 g6 2. c4 Bg7 3. Nc3 c5 4. d5 Bxc3+ 5. bxc3 f5 6. Bg5 h6 7. Bf4 Nf6 8. e3
d6 9. Bd3 Qa5 10. Ne2 Nbd7 11. O-O Nb6 12. f3 Bd7 13. e4 g5 14. Bd2 fxe4 15.
fxe4 Ng4 16. Nc1 O-O-O 17. a4 Ne5 18. Be1 Nbxc4 19. Bxc4 Nxc4 20. Qe2 Ne5 21.
c4 Qa6 22. Bc3 Bg4 23. Qe3 Qxc4 24. Bxe5 dxe5 25. Nb3 Kb8 26. Qg3 Qxe4 27. Rae1
Qb4 28. Qxe5+ Ka8 29. Rb1 Rhe8 30. Rfc1 c4 31. Nd4 Qd6 32. Qxd6 Rxd6 33. Nb5
Rd7 34. Rxc4 Be2 35. Nc7+ Kb8 36. Na6+ 1/2-1/2

[Event "4NCL/Div1/BRI1 vs. GUI2"]
[Site "West Bromwich ENG"]
[Date "2004.11.20"]
[Round "3.5"]
[White "Rudd, Jack"]
[Black "Thompson, Ian D"]
[Result "0-1"]
[WhiteElo "2291"]
[BlackElo "2235"]
[PlyCount "94"]
[EventDate "2004.11.20"]
[SourceDate "2004.09.21"]

1. e4 e6 2. d4 d5 3. Nd2 Nf6 4. e5 Nfd7 5. f4 c5 6. c3 Nc6 7. Ndf3 Qb6 8. a3 a5
9. b3 cxd4 10. cxd4 Be7 11. Bb2 f5 12. Bd3 Nf8 13. Ne2 Bd7 14. O-O Rc8 15. Kh1
Na7 16. Nc3 Ng6 17. g3 O-O 18. a4 Rc7 19. Ne2 Nc6 20. h3 Nb4 21. Bb1 Rfc8 22.
Ne1 Be8 23. g4 Nh4 24. gxf5 Nxf5 25. Bxf5 exf5 26. Ba3 Bh5 27. Bxb4 Bxb4 28.
Nf3 Qh6 29. Qd3 Bg4 30. Ng5 Bxe2 31. Qxe2 Be7 32. Qg2 Bxg5 33. fxg5 Qe6 34. Rf2
Rc3 35. Rb1 Rd3 36. Rd2 Rcc3 37. Rxd3 Rxd3 38. b4 Rxd4 39. bxa5 Qxe5 40. Qc2
Rc4 41. Qd3 Rc3 42. Qf1 Qe4+ 43. Kh2 Rc2+ 44. Kg3 f4+ 45. Kh4 f3+ 46. Kh5 g6+
47. Kh6 Qh4# 0-1

[Event "4NCL/Div1/BRI1 vs. GUI2"]
[Site "West Bromwich ENG"]
[Date "2004.11.20"]
[Round "3.6"]
[White "Anderton, Matthew N"]
[Black "Buckley, David E"]
[Result "0-1"]
[WhiteElo "2233"]
[BlackElo "2223"]
[PlyCount "82"]
[EventDate "2004.11.20"]
[SourceDate "2004.09.21"]

1. e4 d6 2. d4 g6 3. Nc3 c6 4. Be3 Bg7 5. Qd2 b5 6. Bd3 Nd7 7. a4 b4 8. Nce2 a5
9. Nf3 Ngf6 10. Bh6 O-O 11. Bxg7 Kxg7 12. e5 dxe5 13. dxe5 Nd5 14. h4 h5 15.
Ned4 Nc5 16. Nxc6 Nxd3+ 17. Qxd3 Qd7 18. Ncd4 Nf4 19. Qd2 Nxg2+ 20. Kf1 Qg4 21.
Qg5 Ba6+ 22. Kg1 Nf4+ 23. Kh2 Bb7 24. Qxg4 hxg4 25. Kg3 Ne2+ 26. Nxe2 Bxf3 27.
Rhe1 Rfd8 28. Ng1 {(=)} Rac8 29. Nxf3 gxf3 30. Rac1 Rd2 31. c3 Rxb2 32. cxb4
Rxc1 33. Rxc1 Rxb4 34. Rc3 Rxa4 35. Rxf3 Re4 36. Ra3 Rxe5 37. f3 Kf6 38. Ra4
Ke6 39. Rf4 Rf5 40. Re4+ Kd6 41. Rc4 Rb5 0-1

[Event "4NCL/Div1/BRI1 vs. GUI2"]
[Site "West Bromwich ENG"]
[Date "2004.11.20"]
[Round "3.7"]
[White "Sisask, Jesper"]
[Black "Richardson, Keith B"]
[Result "1-0"]
[WhiteElo "2166"]
[BlackElo "2220"]
[PlyCount "85"]
[EventDate "2004.11.20"]
[SourceDate "2004.09.21"]

1. d4 Nf6 2. Bg5 Ne4 3. Bf4 c5 4. f3 Qa5+ 5. c3 Nf6 6. d5 d6 7. e4 g6 8. Nd2
Bg7 9. Nc4 Qd8 10. a4 O-O 11. Qd2 Na6 12. Ne2 Nc7 13. Ng3 b6 14. Be2 Ba6 15.
O-O Bxc4 16. Bxc4 a6 17. Bh6 b5 18. Bxg7 Kxg7 19. Be2 Qd7 20. f4 bxa4 21. Bd1
Nb5 22. e5 Ng8 23. Bxa4 Qc7 24. Rae1 Rab8 25. e6 f5 26. Rf2 Qa5 27. Bd1 Nc7 28.
Nf1 Nf6 29. Bf3 Qa2 30. Ne3 Rb6 31. Rc1 Rfb8 32. Rc2 Qa4 33. c4 Qb4 34. Qe2 Rf8
35. h3 Rbb8 36. g4 fxg4 37. hxg4 h6 38. g5 Ng8 39. gxh6+ Nxh6 40. Be4 Ne8 41.
Rg2 Rf6 42. Qh5 Qe1+ 43. Kh2 1-0

[Event "4NCL/Div1/BRI1 vs. GUI2"]
[Site "West Bromwich ENG"]
[Date "2004.11.20"]
[Round "3.8"]
[White "Lang, Heather"]
[Black "Aarons, Poppy J"]
[Result "1-0"]
[WhiteElo "2068"]
[BlackElo "1871"]
[PlyCount "69"]
[EventDate "2004.11.20"]
[SourceDate "2004.09.21"]

1. e4 e6 2. Nc3 d5 3. d4 Nf6 4. Bg5 Be7 5. e5 Nfd7 6. h4 h6 7. Bxe7 Qxe7 8. f4
c5 9. Nb5 Kd8 10. c4 dxc4 11. Nd6 Nc6 12. dxc5 Kc7 13. Nb5+ Kd8 14. Qd6 Qxd6
15. cxd6 Nb6 16. d7 Kxd7 17. Nd6 Ke7 18. Bxc4 Nxc4 19. Nxc4 Rd8 20. Nf3 b6 21.
Rc1 Nb4 22. O-O Nxa2 23. Ra1 Nb4 24. Nxb6 Rb8 25. Nxc8+ Rbxc8 26. Rxa7+ Kf8 27.
Rb7 Nd3 28. Ra1 Rb8 29. Raa7 Nxb2 30. Rxf7+ Kg8 31. Rxg7+ Kf8 32. Rh7 Kg8 33.
Rxh6 Nd3 34. Rg6+ Kh8 35. Ng5 1-0